| 000 | 01250na a2200373 4500 | ||
|---|---|---|---|
| 001 | 18087 | ||
| 003 | MIRAKIL | ||
| 005 | 20181213155049.0 | ||
| 008 | 161111b tu 000 0 | ||
| 020 | _a9789755072098 | ||
| 035 | _a18087 | ||
| 040 |
_aMilas _btur _cTR-AnCHP |
||
| 041 | _atur | ||
| 082 |
_a370.9561 _bC85 2007 |
||
| 090 | _aATA 370.9561 C85 2007 | ||
| 245 |
_aCumhuriyetin ilk yıllarından günümüze dil, kültür, eğitim _cderleyen Nazife Güngör |
||
| 260 |
_aAnkara _bGazi Üniversitesi _c2007 |
||
| 300 |
_a741 s. _bfotg. ; res. _c24 sm. |
||
| 440 |
_aGazi Üniversitesi Yayını _v8 |
||
| 490 |
_aHasan ali Yücel Araştırma ve Uygulama Merkezi yayını _v3 |
||
| 500 | _aAtatürk'ün doğumgününün 125. yıldönümü. | ||
| 500 | _aGazi Üniversite'sinin 80. yıl armağanı | ||
| 504 | _aKaynakça bölüm sonlarındadır. | ||
| 504 | _aDizin var. | ||
| 600 |
_aAtatürk, Mustafa Kemal _d1881-1938 |
||
| 650 |
_aEğitim _xTarih _zTürkiye |
||
| 650 |
_aTürk dili _xTarih |
||
| 650 |
_aTürk kültürü _xTarih _zTürkiye |
||
| 650 |
_aEğitim ve devlet _zTürkiye |
||
| 650 |
_aToplumsal değişim _zTürkiye |
||
| 651 |
_aTürkiye _xSiyasal tarih |
||
| 700 | _aGüngör, Nazife | ||
| 942 |
_2dcc _cBKS |
||
| 999 |
_c5862 _d5862 |
||